|
|
|
|
| LEADER |
02685nam a2200601 a 4500 |
| 001 |
nkc20132508305 |
| 003 |
CZ PrNK |
| 005 |
20140123101026.0 |
| 007 |
ta |
| 008 |
131209s2013 xr f m 000 0 cze |
| 015 |
|
|
|a cnb002508305
|
| 020 |
|
|
|a 978-80-248-3227-2
|q (brož.) :
|c neprodejné
|
| 035 |
|
|
|a (OCoLC)867820474
|
| 040 |
|
|
|a ABA001
|b cze
|
| 041 |
0 |
|
|a cze
|b eng
|
| 043 |
|
|
|a e-xr---
|
| 072 |
|
7 |
|a 332
|x Regionální ekonomie, regionální ekonomika
|2 Konspekt
|9 4
|
| 080 |
|
|
|a 334.752:334.012.32/.33
|2 MRF
|
| 080 |
|
|
|a 332.33
|2 MRF
|
| 080 |
|
|
|a 711.168
|2 MRF
|
| 080 |
|
|
|a 71
|2 MRF
|
| 080 |
|
|
|a (437.3)
|2 MRF
|
| 080 |
|
|
|a (043.3)
|2 MRF
|
| 080 |
|
|
|a (048.3)
|2 MRF
|
| 100 |
1 |
|
|a Ruprich, Vít,
|d 1963-
|7 jo2013798941
|4 dis
|
| 245 |
1 |
0 |
|a Partnerství privátního developera a veřejné správy v procesu obnovy průmyslové aglomerace :
|b autoreferát k disertační práci /
|c autor Vít Ruprich
|
| 250 |
|
|
|a 1. vyd.
|
| 260 |
|
|
|a Ostrava :
|b Vysoká škola báňská - Technická univerzita Ostrava,
|c 2013
|
| 300 |
|
|
|a 56 s. ;
|c 21 cm
|
| 490 |
1 |
|
|a Vědecké publikace Fakulty stavební Vysoké školy báňské - Technické univerzity Ostrava. Doktorské disertační, habilitační a inaugurační spisy,
|x 1213-7456
|
| 500 |
|
|
|a Autoreferát disertační práce (Ph.D.)--Vysoká škola báňská - Technická univerzita Ostrava, Fakulta stavební, katedra městského inženýrství, 2013
|
| 500 |
|
|
|a 30 výt.
|
| 504 |
|
|
|a Obsahuje bibliografii a bibliografické odkazy
|
| 546 |
|
|
|a Anglické resumé
|
| 650 |
0 |
7 |
|a veřejně-soukromá partnerství
|7 ph367700
|z Česko
|2 czenas
|
| 650 |
0 |
7 |
|a brownfields
|7 ph311256
|z Česko
|2 czenas
|
| 650 |
0 |
7 |
|a obnova území
|7 ph381214
|z Česko
|2 czenas
|
| 650 |
0 |
7 |
|a územní plánování
|7 ph128364
|z Česko
|2 czenas
|
| 650 |
0 |
9 |
|a public-private partnerships
|z Czechia
|2 eczenas
|
| 650 |
0 |
9 |
|a brownfields
|z Czechia
|2 eczenas
|
| 650 |
0 |
9 |
|a area redevelopment
|z Czechia
|2 eczenas
|
| 650 |
0 |
9 |
|a town and country planning
|z Czechia
|2 eczenas
|
| 655 |
|
7 |
|a disertace
|7 fd132024
|2 czenas
|
| 655 |
|
7 |
|a autoreferáty
|7 fd131857
|2 czenas
|
| 655 |
|
9 |
|a dissertations
|2 eczenas
|
| 655 |
|
9 |
|a autoabstracts
|2 eczenas
|
| 710 |
2 |
|
|a Vysoká škola báňská - Technická univerzita Ostrava.
|b Katedra městského inženýrství
|7 kn20050413013
|
| 810 |
2 |
|
|a Vysoká škola báňská - Technická univerzita Ostrava.
|b Stavební fakulta.
|t Vědecké publikace.
|p Doktorské disertační, habilitační a inaugurační spisy
|0 s
|
| 910 |
2 |
|
|a BOA001
|b 2-1316.019
|
| 990 |
|
|
|a BK
|
| 995 |
|
|
|a 01
|
| 991 |
|
|
|b 201401
|c NOV
|e n
|
| 996 |
6 |
|
|b 2610573243
|c 2-1316.019
|l MZK
|r Sklad / do 1 hodiny
|n 4
|p p.v.
|w 001387994
|u 000010
|a 1
|e BOA001
|j MZK50
|s P
|